|
|
|
|
| LEADER |
01723nab#a2200337#ar4500 |
| 001 |
000073449 |
| 003 |
SVKKK |
| 005 |
19970922xxxxxxx. |
| 008 |
06 c xo huno |
| FMT |
|
|
|
| 038 |
|
|
|a SVKKK
|
| 040 |
|
|
|a SVKKK
|b slo
|e AACR2
|
| 041 |
0 |
|
|a hun
|
| 044 |
|
|
|a xo
|c SK
|
| 080 |
|
|
|a 347.4
|
| 242 |
1 |
0 |
|a Novšie oznámenie o dražbe a výpis podmienok
|
| 245 |
0 |
0 |
|a Ujabb árverési hirdetmény és felvételek kivonata
|
| 520 |
2 |
|
|a Predmetom dražby bude pozostalosť nebohého Arnolda Grünmanna z obce Bôrka: pozemok č. 111 zapísaný v obecnej Pozemkovej knihe ako A.1. rad 38, č. 26 - dom, dvor, záhrada, 2. a 4. rad č. 43, 46, 49 a ďalšie nehnuteľnosti. Okrem súkromných osôb, bol dlžníkom viacerých inštitúcií - Sporiteľne a záležne v Rožňave, Banke v Budapesti, firme Adler Lajos a syn. Dražba prebehne v Bôrke 14.10.1912.
|
| 650 |
0 |
4 |
|a dražby - č.3428/1912 - Kráľovský okresný súd, Rožňava(navrhovateľ) - Grünmann, Arnold (žalovaný) - Bôrka (RV) - pôvod - Grosz, Ignác (žalobca) - Michalovce - pôvod - Sporiteľňa a záložňa, Rožňava (žalobca) - Banka, Budapest (MR)(žalobca) - Fekete, Ondrej (zástupca majiteľov lesov, žalobca) - Hačava (SS) - pôvod - Bôrka (RV) - 14.10.1912 - Baydik, [Juraj] (podsudca kráľovský) - Szemere, [Jozef] (vedúci Pozemkovej knihy) - 17.08.1912 - oznámenie
|
| 773 |
0 |
|
|t Sajó-Vidék : Vegyestartalmú hetilap
|g Roč. 15, č. 36 (12.09.1912) s. 4
|
| 957 |
|
|
|a Budapest (MR)
|
| 957 |
|
|
|a Bôrka
|
| 957 |
|
|
|a Michalovce
|
| 957 |
|
|
|a Rožňava
|
| 957 |
|
|
|a Ájjfalucska pozri Hačava
|
| 958 |
|
|
|a DG
|
| 958 |
|
|
|a SK
|
| 974 |
|
|
|a ebl
|d 19970922
|
| 992 |
|
|
|a RBX
|
| BAS |
|
|
|
| 998 |
|
|
|a RETRO
|